Przystanki tramwajowe w Poznaniu, przez które kursuje jedna linia - Statystyki

Ogólne statystyki
  • Ten quiz został rozwiązany 63 razy
  • Średni wynik to 4 z 5
Statystyki odpowiedzi
Hint Odpowiedź % Poprawnych
2 Stare Zoo
87%
2 Kraszewskiego
81%
5 Zawady
79%
7 Bukowska
67%
10 Św. Czesława
62%
Nie znaleziono quizów pasujących do podanych kryteriów
Rozkład punktacji
Procent ludzi z każdym wynikiem
Percentyl według liczby udzielonych odpowiedzi
Twoja historia wyników
Nie rozwiązałeś tego quizu